000
00295nam a22001337a 4500
008
171016b xxu||||| |||| 00| 0 eng d
020
_a
0132332213
041
_a
eng
080
_2
7TH
_a
33
100
_a
52
101
_a
EKO
245
_a
THE ECONOMIC PROBLEM
_c
HEILBRONER,R.L
942
_2
udc
_c
BK
999
_c
34027
_d
34027